空港のある市区町村 - Statistics

General Stats
  • This quiz has been taken 308 times
  • The average score is 81 of 118
Answer Stats
空港 自治体 % Correct
新千歳空港 千歳市
95%
旭川空港 旭川市
94%
稚内空港 稚内市
93%
釧路空港 釧路市
93%
帯広空港 帯広市
92%
函館空港 函館市
91%
青森空港 青森市
91%
花巻空港 花巻市
91%
秋田空港 秋田市
90%
丘珠空港 札幌市
89%
礼文空港 礼文町
89%
紋別空港 紋別市
89%
成田国際空港 成田市
89%
中標津空港 中標津町
88%
三沢空港 三沢市
87%
奥尻空港 奥尻町
86%
調布飛行場 調布市
85%
富山空港 富山市
84%
松本空港 松本市
84%
東京国際空港 大田区
83%
新潟空港 新潟市
83%
佐渡空港 佐渡市
83%
小松空港 小松市
83%
神戸空港 神戸市
83%
大島空港 大島町
82%
出雲空港 出雲市
82%
岡南飛行場 | 岡山空港 岡山市
82%
利尻空港 利尻富士町
81%
大阪国際空港 伊丹市
81%
鳥取空港 鳥取市
81%
岩国飛行場 岩国市
81%
山口宇部空港 宇部市
81%
松山空港 松山市
81%
高松空港 高松市
80%
福岡空港 福岡市
80%
北九州空港 北九州市
80%
仙台空港 名取市
79%
佐賀空港 佐賀市
79%
対馬空港 対馬市
79%
那覇空港 那覇市
79%
八丈島空港 八丈町
77%
八尾空港 八尾市
77%
天草空港 天草市
77%
宮崎空港 宮崎市
77%
奄美空港 奄美市
77%
新石垣空港 石垣市
77%
南紀白浜空港 白浜町
76%
与那国空港 与那国町
76%
新千歳空港 苫小牧市
75%
能登空港 輪島市
75%
名古屋飛行場 名古屋市
75%
壱岐空港 壱岐市
75%
神津島空港 神津島村
74%
下地島空港 | 宮古空港 宮古島市
74%
庄内空港 酒田市
73%
三宅島空港 三宅村
73%
中部国際空港 常滑市
73%
関西国際空港 泉佐野市
73%
隠岐空港 隠岐の島町
73%
屋久島空港 屋久島町
73%
庄内空港 鶴岡市
72%
新島空港 新島村
71%
与論空港 与論町
71%
北大東空港 北大東村
71%
南大東空港 南大東村
71%
長崎空港 大村市
68%
福江空港 五島市
68%
喜界空港 喜界町
68%
調布飛行場 府中市
67%
能登空港 能登町
67%
米子空港 境港市
67%
久米島空港 久米島町
67%
女満別空港 大空町
64%
仙台空港 岩沼市
64%
名古屋飛行場 小牧市
64%
大阪国際空港 豊中市
63%
鹿児島空港 霧島市
63%
但馬飛行場 豊岡市
62%
高知空港 南国市
62%
大分空港 国東市
62%
広島空港 三原市
61%
大館能代空港 北秋田市
60%
成田国際空港 芝山町
60%
石見空港 益田市
59%
種子島空港 中種子町
59%
粟国空港 粟国村
58%
茨城空港 小美玉市
57%
能登空港 穴水町
57%
大阪国際空港 池田市
57%
小値賀空港 小値賀町
57%
多良間空港 多良間村
57%
山形空港 東根市
56%
静岡空港 牧之原市
56%
関西国際空港 田尻町
56%
関西国際空港 泉南市
56%
伊江島空港 伊江村
56%
静岡空港 島田市
55%
上五島空港 新上五島町
55%
旭川空港 東神楽町
54%
福井空港 坂井市
54%
調布飛行場 三鷹市
49%
名古屋飛行場 春日井市
49%
波照間空港 竹富町
48%
福島空港 須賀川市
46%
北九州空港 苅田町
44%
松本空港 塩尻市
41%
名古屋飛行場 豊山町
39%
熊本空港 益城町
39%
大分県央飛行場 豊後大野市
39%
沖永良部空港 和泊町
35%
成田国際空港 多古町
33%
徳島空港 松茂町
32%
徳之島空港 天城町
31%
熊本空港 菊陽町
29%
福島空港 玉川村
28%
慶良間空港 座間味村
28%
No matching quizzes found
Score Distribution
Percent of People with Each Score
Percentile by Number Answered
Your Score History
You have not taken this quiz